=LDR 00000nam 2200000 4500 =001 INLIS000000000021968 =005 20130612120756 =008 ***********************************Ind** =035 ##$$0010-061300000021968 =041 ##$$a Ind =082 ##$$a 370.114 =090 ##$$a 370.114, Sub-p =100 ##$$a SUBAKDI =245 ##$$a Pendidikan Pancasila dan Kewarganegaraan, Pendidikan Dasar 9 Tahun sesuai dengan kurikulum terbaru untuk kelas 1 SLTP, Drs.Subakdi =260 ##$$a 1997 $b Surakarta =300 ##$$a vi, 96 hlm., ilus., 26 cm =650 ##$$a Pancasila - Kewarganegaraan - Pengajaran =850 ##$$a NBPNMAT